000 00611nam a2200229Ia 4500
003 OSt
005 20221007074509.0
006 a|||||r|||| 00| 0
007 ta
008 221006b |||||||| |||| 00| 0 eng d
024 _a38,388
037 _cAnnuals, Advances
040 _aFLL
_cFLL
_beng
041 _2eng
_aeng
082 _aZ2,94, Q2
100 _aRao V.N.
_9687407
245 0 _aIndian evidence act
260 _aNagpur
_bLexisNexis Butterworths Wadhwa India
_c2012
300 _alix,685p
_ccm.
942 _hZ2,94, Q2
_cREF
_2CC
999 _c1152585
_d1152585